000 00519nam a2200145Ia 4500
008 190228s9999 xx 000 0 und d
020 _a9781119331612
100 _aSebaly, Angela.
245 _cAngela Sebaly.--
_aThe Courageous leader :
_bhow to face any challenge and lead your team to success /
260 _aNew Jersey :
_bJohn Willey & Sons
_c2017
300 _axxi, 217 pages.
500 _aIncludes bibliographical references and index.
650 _aBusiness and economics -- Leadership.
650 _aBusiness.
999 _c361326
_d361326